Statistiques concernant Footballeurs en Q et R (par images).

Cliquez ici pour prendre le quiz!

Statistiques générales

  • Ce quiz a été pris 239 fois
  • Le résultat moyen est 16 sur 24

Statistiques - réponses

Réponse% Correct
Cristiano Ronaldo
100%
Franck Ribéry
99%
Ronaldinho
99%
Ronaldo
99%
Sergio Ramos
99%
Adrien Rabiot
94%
Wayne Rooney
94%
Arjen Robben
89%
Rivaldo
88%
Marco Reus
85%
Ivan Rakitić
84%
Raúl
83%
Rodri
78%
Ricardo Quaresma
68%
Frank Rijkaard
56%
Romário
56%
Juan Román Riquelme
49%
Robinho
48%
Raí
45%
Ramires
43%
Paolo Rossi
20%
Karl-Heinz Rummenigge
16%
Rivelino
11%
Gianni Rivera
8%

Distribution des résultats

Percentile par nombre de réponses

% des personnes avec chaque résultat

Votre développement - résultats

Vous n’avez pas pris ce quiz